| 000 | 00695nam a2200205Ia 4500 | ||
|---|---|---|---|
| 003 | GCL | ||
| 008 | 140319s9999 xx 000 0 ara d | ||
| 040 |
_aGCL / _cGCL |
||
| 082 | 0 | 4 |
_a965.02 _bس ع |
| 100 | 1 | _aسارتر ، جان بول | |
| 245 | 1 | 0 |
_aعارنا فى الجزائر / _cسارتر ، جان بول |
| 700 | 1 | _aعايدة وسهيل ادريس | |
| 300 | _a75 ص | ||
| 490 |
_aالهيئة العامة للاستعلامات _v0 |
||
| 650 | 0 | 4 | _aالجزائر |
| 650 | 0 | 4 | _aالاستعمار الفرنسى |
| 650 | 0 | 4 | _aالاستعمار فى البلاد العربية |
| 650 | 0 | 4 | _aالجزائر - تاريخ - الاحتلال الفرنسى |
| 942 |
_2ddc _cBK |
||
| 999 |
_c50927 _d50927 |
||